Dessin animés code-barres - Statistiques

Statistiques générales
  • Ce quiz a été pris 14 fois
  • Le résultat moyen est 3 sur 10
Statistiques - réponses
Par images Hint Réponse % Correct
(2013) La Reine des neiges
83%
(1992) Aladdin
58%
(2017) Coco
25%
(1991) La Belle et la Bête
25%
(1994) Le Roi lion
25%
(2008) WALL-E
25%
(2003) Le Monde de Nemo
17%
(1996) Le Bossu de Notre-Dame
8%
(2007) Ratatouille
8%
(2002) Lilo et Stitch
0%
Aucun quiz correspondant
Distribution des résultats
% des personnes avec chaque résultat
Percentile par nombre de réponses
Votre historique - résultats
Vous n’avez pas pris ce quiz